| 000 | 01288 a2200181 4500 | ||
|---|---|---|---|
| 003 | NUST | ||
| 005 | 20221227170518.0 | ||
| 040 | _cNust | ||
| 082 | _a355.0217,NUC | ||
| 100 |
_aGerson da Costa _979825 |
||
| 245 |
_aNuclear Politics : _bdestruction and disarmament in a dangerous world / _cEdited by Gerson Da Costa |
||
| 260 |
_aNew Delhi _bArmy Edu Press _c2000 |
||
| 300 | _a320 p.; | ||
| 505 | _aMajor Issues in Perspective : An Introduction (Page-1), Post-war Politics : Ideology and National Interest (Page-22), New World Order and Balance –of – Power Politics (Page-49), The United States and World Military Supremacy (Page-88), Strategic Mobility : Logistics of US Armed US armed Forces (Page-108), Third World War: Ballistic Missile Strikes and Human Survival (Page-148), Nuclear Politics : Deterrence and Diplomacy in a Dangerous World (Page-173), Missile Defense : An Appraisal in Country Perspective (Page-194), Political E Economy of Weapons Market Profit Before Peace (Page-216), South Asian Weapons Perspective India s Missile Program me (Page-233), Agenda for Disarmament (Page-254), Threat Perception and Response Nuclear Forces in Australia (Page-275). | ||
| 600 |
_aGerson Da Costa _979825 |
||
| 650 |
_aNuclear Politics _9106096 |
||
| 942 |
_2ddc _cBK _k355.0217,NUC |
||
| 999 |
_c185658 _d185658 |
||